Dilemmas of Economic Growth <The> Path from Unlimited Possibilities towards Responsibility?

Saved in:
Bibliographic Details
Main Author: Fifeková, Elena
Other Authors: Nemcová, Edita, Nežinský, Eduard, 1972-, Studená, Ivana, Brzica, Daneš, Morvay, Karol, 1973-
Format: Book
Language:English
Published: Praha Wolters Kluwer ČR 2021
Edition:1st Edition
Subjects:
Tags: Add Tag
No Tags, Be the first to tag this record!

MARC

LEADER 00000nam a2200000 4500
001 0274002
005 20240717112809.5
020 |a 978-80-7676-042-4 
041 0 |a eng 
044 |a CZ 
245 1 0 |a Dilemmas of Economic Growth  |b <The> Path from Unlimited Possibilities towards Responsibility?  |c Elena Fifeková, Edita Nemcová, Eduard Nežinský, Ivana Studená ; Reviewers: Daneš Brzica, Karol Morvay 
250 |a 1st Edition 
264 1 |a Praha  |b Wolters Kluwer ČR  |c 2021 
300 |a 78 s. [4,7 AH] 
610 2 0 |a rast hospodársky 
610 2 0 |a rozvoj hospodársky 
610 2 0 |a zmeny klimatické 
610 2 0 |a emisie 
610 2 0 |a rozvoj trvalo udržateľný 
610 2 0 |a efektívnosť 
100 1 |a Fifeková, Elena 
700 1 |a Nemcová, Edita 
700 1 |a Nežinský, Eduard, 1972- 
700 1 |a Studená, Ivana 
700 1 |a Brzica, Daneš 
700 1 |a Morvay, Karol, 1973-